| 000 | 00720cam a2200205 i 4500 | ||
|---|---|---|---|
| 001 | 17391032 | ||
| 005 | 20241031164218.0 | ||
| 008 | 120718s2012 enk b 001 0 eng | ||
| 020 | _a9780199654178 (hbk.) | ||
| 020 | _a9780199699698 (pbk.) | ||
| 050 | 0 | 0 |
_aKZ3225.B76 / JX3225 _bA37 2012 / .B78 |
| 100 | 1 |
_aCrawford, James, _d1948- |
|
| 245 | 1 | 0 |
_aBrownlie's principles of public international law / _cby James Crawford, SC, FBA. |
| 250 | _aEighth edition. | ||
| 260 |
_aOxford, United Kingdom : _bOxford University Press, _c[2012] |
||
| 300 |
_alxxx, 803 pages ; _c26 cm _bIndex |
||
| 650 | 0 | _aInternational law. | |
| 700 | 1 |
_aBrownlie, Ian. _tPrinciples of public international law. |
|
| 942 |
_2lcc _cBK _e8th Edition _n0 |
||
| 999 |
_c486 _d486 |
||